000 00751nam a2200253Ia 4500
003 OSt
005 20221005115104.0
006 a|||||r|||| 00| 0
007 ta
008 221004b |||||||| |||| 00| 0 eng d
024 _a68725
037 _cTextual
040 _aCRL
_cCRL
_beng
041 _2eng
_aeng
082 _aX:9t231:N62, K2
110 _aProductivity Council, Fourth Incountry Productivity Team.
_9627091
245 0 _aBombay industrial region on industrial relations
_b Report
260 _c1962
650 _a ECONOMICS
650 _aPERSONNEL MANAGEMENT
700 _aProductivity Council, Fourth Incountry Productivity Team.
_9627092
942 _hX:9t231:N62, K2
_cTEXL
_2cc
999 _c1033381
_d1033381